[Event "GER-chB Seniors 27th"]
[Site "Magdeburg"]
[Date "2015.08.15"]
[Round "1"]
[White "Kleinschmidt, Irmtraud"]
[Black "Ast, Erwin"]
[Result "1/2-1/2"]
[WhiteElo "1445"]
[BlackElo "1789"]
[PlyCount "136"]
[EventDate "2015.08.15"]
[EventType "swiss"]
[EventRounds "9"]
[EventCountry "GER"]
[SourceTitle "EXT 2018"]
[Source "ChessBase"]
[SourceDate "2017.10.13"]
[SourceVersion "1"]
[SourceVersionDate "2017.10.13"]
[SourceQuality "1"]

1. e4 e6 2. d4 d5 3. Nc3 Nf6 4. exd5 exd5 5. Nf3 Be7 6. Be2 0-0 7. 0-0 Re8 8. Re1 c6 9. a3 Bf5 10. b4 Qc7 11. Ne5 Nbd7 12. Nxd7 Qxd7 13. Bf4 Bd6 14. Bxd6 Qxd6 15. Rc1 Re7 16. Bd3 Rxe1+ 17. Qxe1 Bxd3 18. cxd3 Qf4 19. Qe3 Qd6 20. Qf3 Re8 21. h3 a6 22. g3 h6 23. Kf1 Qe6 24. Qg2 Re7 25. Rd1 Ne8 26. h4 Qf6 27. Ne2 Nd6 28. f4 Nb5 29. a4 Nxd4 30. Nxd4 Qxd4 31. Qd2 h5 32. a5 Kf8 33. Rc1 Qe3 34. Qxe3 Rxe3 35. Kf2 Rxd3 36. Rb1 Ke7 37. Rb2 Kf6 38. Rb1 Kf5 39. Re1 Kf6 40. Rb1 Kf5 41. Re1 Rb3 42. Re7 Rxb4 43. Rxf7+ Kg6 44. Rd7 Kf6 45. Rd6+ Kf5 46. Rd7 g6 47. Rf7+ Ke6 48. Rf8 Rb5 49. Re8+ Kf5 50. Re7 Kg4 51. Rg7 Rb2+ 52. Ke3 Kf5 53. Rf7+ Ke6 54. Rg7 Kf6 55. Rd7 Rb5 56. Rd6+ Kf5 57. Rd7 Rxa5 58. Rxb7 Rc5 59. Ra7 a5 60. Ra8 Kg4 61. Rg8 Kxg3 62. Rxg6+ Kxh4 63. f5 a4 64. f6 Rc1 65. Ke2 Rb1 66. f7 Rb2+ 67. Ke1 Rb1+ 68. Ke2 Rb2+ 1/2-1/2

[Event "GER-ch Seniors"]
[Site "Dresden"]
[Date "2012.08.10"]
[Round "2"]
[White "Reichel, Rolf"]
[Black "Ast, Erwin"]
[Result "1/2-1/2"]
[WhiteElo "1795"]
[BlackElo "1734"]
[PlyCount "31"]
[EventDate "2012.08.09"]
[EventType "swiss"]
[EventRounds "9"]
[EventCountry "GER"]
[SourceTitle "EXT 2014"]
[Source "ChessBase"]
[SourceDate "2013.11.20"]
[SourceVersion "1"]
[SourceVersionDate "2013.11.20"]
[SourceQuality "1"]

1. e4 e6 2. d4 d5 3. Nc3 Nf6 4. e5 Nfd7 5. Qg4 h6 6. Nf3 a6 7. Be3 b6 8. Bd3 c5 9. 0-0 Nc6 10. b3 cxd4 11. Nxd4 Ncxe5 12. Qg3 Bb7 13. f4 Nxd3 14. cxd3 Qf6 15. Nde2 Bc5 16. d4 1/2-1/2

[Event "GER-ch Seniors Gp-B 19th"]
[Site "Templin"]
[Date "2007.08.29"]
[Round "7"]
[White "Ast, Erwin"]
[Black "Wolter, Guenter"]
[Result "0-1"]
[WhiteElo "1545"]
[BlackElo "1660"]
[PlyCount "100"]
[EventDate "2007.08.23"]
[EventType "swiss"]
[EventRounds "9"]
[EventCountry "GER"]
[SourceTitle "EXT 2022"]
[Source "ChessBase"]
[SourceDate "2021.10.06"]
[SourceVersion "1"]
[SourceVersionDate "2021.10.06"]
[SourceQuality "1"]

1. d4 Nf6 2. c4 e6 3. Nc3 Bb4 4. Bd2 0-0 5. e3 b6 6. Nf3 Bb7 7. a3 Be7 8. Be2 c5 9. 0-0 cxd4 10. Nxd4 d6 11. Bf3 Bxf3 12. Qxf3 d5 13. cxd5 Nxd5 14. Nxd5 Qxd5 15. Qxd5 exd5 16. Rfd1 Nd7 17. Bc3 Bf6 18. Ne2 Rfd8 19. Rxd5 Bxc3 20. Nxc3 Nf6 21. Rxd8+ Rxd8 22. Rd1 Rc8 23. Kf1 Kf8 24. Ke2 Ke7 25. Nd5+ Nxd5 26. Rxd5 Rc2+ 27. Rd2 Rc1 28. h4 a5 29. g3 Ke6 30. Kf3 h5 31. Rd3 Rc5 32. Rb3 b5 33. Rc3 Rxc3 34. bxc3 Kd5 35. Ke2 Kc4 36. Kd2 Kb3 37. e4 Kxa3 38. Kc2 Ka4 39. f4 g6 40. Kb2 b4 41. f5 gxf5 42. exf5 bxc3+ 43. Kxc3 Kb5 44. g4 hxg4 45. Kd4 a4 46. h5 a3 47. Kc3 a2 48. Kb2 g3 49. h6 g2 50. h7 g1Q 0-1

[Event "GER-ch Seniors Gp-B 19th"]
[Site "Templin"]
[Date "2007.08.27"]
[Round "5"]
[White "Ast, Erwin"]
[Black "Girod, Gudrun"]
[Result "1/2-1/2"]
[WhiteElo "1545"]
[BlackElo "1367"]
[PlyCount "107"]
[EventDate "2007.08.23"]
[EventType "swiss"]
[EventRounds "9"]
[EventCountry "GER"]
[SourceTitle "EXT 2022"]
[Source "ChessBase"]
[SourceDate "2021.10.06"]
[SourceVersion "1"]
[SourceVersionDate "2021.10.06"]
[SourceQuality "1"]

1. d4 d5 2. Nf3 e6 3. e3 Be7 4. c4 Nf6 5. Nc3 0-0 6. Bd3 c6 7. 0-0 Nbd7 8. b3 h6 9. Bb2 Bd6 10. Rc1 Bb4 11. Qe2 Bxc3 12. Rxc3 Nh7 13. Rfc1 Ng5 14. Bb1 Nxf3+ 15. Qxf3 Qf6 16. Qg3 Qd8 17. Re1 Nf6 18. Rcc1 Nh7 19. e4 f5 20. e5 Bd7 21. Rcd1 Qg5 22. Qd3 Qe7 23. Bc1 Ng5 24. Qg3 Kh8 25. c5 Ne4 26. Qd3 Be8 27. Be3 Bg6 28. g3 Ng5 29. Kg2 Bh5 30. f4 Bf3+ 31. Kf1 Ne4 32. Rc1 Qf7 33. Kg1 Qh5 34. Rc2 Rg8 35. Bf2 g5 36. Qe3 g4 37. Rf1 Qh3 38. Be1 h5 39. Rb2 h4 40. Bxe4 dxe4 41. Qf2 Kg7 42. gxh4 Rh8 43. Qg3 Kf7 44. Qxh3 gxh3 45. Bg3 Rad8 46. Rd2 Rd5 47. Kf2 Rhd8 48. Ke3 Rg8 49. b4 Rb8 50. Rb1 b6 51. cxb6 a6 52. Rc1 Rc8 53. Rdc2 c5 54. bxc5 1/2-1/2

[Event "Niedersachsen-ch Seniors op 09th"]
[Site "Bad Bevensen"]
[Date "2006.06.26"]
[Round "3"]
[White "Ast, Erwin"]
[Black "Traeger, Margarete"]
[Result "1-0"]
[WhiteElo "1533"]
[BlackElo "1241"]
[PlyCount "31"]
[EventDate "2006.06.24"]
[EventType "swiss"]
[EventRounds "9"]
[EventCountry "GER"]
[SourceTitle "EXT 2022"]
[Source "ChessBase"]
[SourceDate "2021.10.06"]
[SourceVersion "1"]
[SourceVersionDate "2021.10.06"]
[SourceQuality "1"]

1. d4 d5 2. Nf3 Bg4 3. e3 Nf6 4. c4 e6 5. Nc3 Bb4 6. Be2 Ne4 7. Qb3 a5 8. 0-0 Bxc3 9. bxc3 b6 10. cxd5 exd5 11. Bb5+ Nd7 12. Ne5 Be6 13. Bxd7+ Bxd7 14. Qxd5 Ng5 15. Nxd7 Ne6 16. Qc6 1-0